| 000 | 01227nam a2200253Ia 4500 | ||
|---|---|---|---|
| 003 | Ost | ||
| 005 | 20260507075451.0 | ||
| 008 | 260507s9999||||xx |||||||||||||| ||und|| | ||
| 040 | _cfsecg | ||
| 041 | _aara | ||
| 082 | _a330 | ||
| 100 |
_aيسري، عبد الرحمان احمد _eمؤلف |
||
| 245 | 0 |
_aالنظرية الاقتصادية الكلية / _c عبد الرحمان احمد يسري |
|
| 260 |
_aالاسكندرية: _bالدار الجامعية, _c2007 |
||
| 300 |
_a319 صفحة؛ _c24 سم |
||
| 504 | _aبيبليوغرافيا ص.319 | ||
| 520 | _aيعرض هذا الكتاب مايلي : مقدمات اساسية /النموذج الكلاسيكي /النموذج الكنزي /اثر النقود على الدخل القومي الحقيقي /تحديد توازن الدخل القومي مع المستوى العام للاسعار /التضخم /البطالة /الاطار العام لتحليل المنو الاقتصادي /التنمية الاقتصادية | ||
| 653 | _aاقتصاد كلي | ||
| 653 | _aالبطالة | ||
| 653 | _aالدخل القومي | ||
| 653 | _aالنقود | ||
| 700 |
_aايمان، محب زكي _eمؤلف ثانوي |
||
| 942 | _cكتاب | ||
| 999 |
_c44625 _d44625 |
||